| 000 | 00803nam a22002057a 4500 | ||
|---|---|---|---|
| 003 | BUBTL | ||
| 008 | 191116b xxu||||| |||| 00| 0 eng d | ||
| 020 | _a9789844326170 | ||
| 082 | _a954.92/ M8969a/ 1985 | ||
| 100 |
_92293 _aমুকুল, এম আর আখতার |
||
| 245 |
_aআমি বিজয় দেখেছি / _cএম আর আখতার মুকুল |
||
| 250 | _a1st Edn | ||
| 260 |
_aঢাকা: _bঅনন্যা, _cc1985. |
||
| 300 |
_a384 p.: _bills.; _c22 cm. |
||
| 505 | _aআমি বিজয় দেখেছি, এম আর আখতার মুকুল, মুক্তিযুদ্ধ | ||
| 650 | 0 |
_91755 _aমুক্তিযুদ্ধ |
|
| 856 |
_k0 _l0 _yDownload |
||
| 942 |
_2ddc _cBK |
||
| 999 |
_c6156 _d6156 |
||